000 00371nam a2200145Ia 4500
008 240624s9999 xx 000 0 und d
041 _aeng
082 _a658.155 HAM
100 _aHAMPTON J JOHN
245 _aFUNDAMENTALS OF ENTERPRISE RISK MANAGEME
250 _a(2nd ed.)
260 _aNew York
_bAMERICAN MANAGEMENT
300 _aASSOCIATION,3012
365 _c
_b33
999 _c32639
_d32639